Normal view
MARC view
- الشرعة، ممدوح منيزل، م.مشارك هاني صلاح ابو جلبان
Entry Personal Name
001 - CONTROL NUMBER
- control field: 63803
003 - CONTROL NUMBER IDENTIFIER
- control field: JO-AjAnu
005 - DATE AND TIME OF LATEST TRANSACTION
- control field: 20230606084419.0
008 - FIXED-LENGTH DATA ELEMENTS
- fixed length control field: 230606|| aca||aabn | a|a d
040 ## - CATALOGING SOURCE
- Original cataloging agency: JO-AjAnu
- Transcribing agency: JO-AjAnu
100 ## - HEADING--PERSONAL NAME
- Personal name: الشرعة، ممدوح منيزل، م.مشارك هاني صلاح ابو جلبان
670 ## - SOURCE DATA FOUND
- Source citation: Work cat.: (JO-AjAnu)32528: الشرعة، ممدوح منيزل، م.مشارك هاني صلاح ابو جلبان, author, القيم في القرن الحادي والعشرين بين النظرية والتطبيق